| 000 | 01494nam a2200253Ia 4500 | ||
|---|---|---|---|
| 999 |
_c42420 _d42420 |
||
| 001 | 9116 | ||
| 003 | GE_BSU | ||
| 005 | 20240603174505.0 | ||
| 008 | 181216s2014||||ge |||||||||||||| ||geo|| | ||
| 020 | _a9789941215247 | ||
| 040 | _cGE_BSU | ||
| 041 | _ageo | ||
| 080 | _a929.731(479.22)+27-36(479.22) წ–714 | ||
| 245 |
_aწმინდა მეფე დავით აღმაშემებელი წ.1 / _bშემდგ. კახაბერ კენკიშვილი ; პროექტის რედ. თამარ მამაცაშვილი. |
||
| 264 |
_aთბილისი : _bპალიტრა L, _c2014. |
||
| 300 |
_a213 გვ. ; _c20 სმ. |
||
| 490 |
_aსაქართველოს იმედი : ყველა წმინდანი, რომელთა შესახებაც უნდა იცოდე, 2298-0547 / პროექტის რედ. თამარ მამაცაშვილი _vწ. 38 |
||
| 500 | _aიბეჭდება სრ. საქ. კათოლიკოს-პატრიარქის ილია II-ის ლოცვა-კურთხევით | ||
| 504 | _aბიბლიოგრაფია გვ. 212 | ||
| 541 | _h3ლ. | ||
| 653 | _aწმინდა მეფე დავით აღმაშემებელი | ||
| 700 |
_aკენკიშვილი, კახაბერ _eშემდგენელი _922305 |
||
| 942 |
_cBK _2udc |
||